Chương trình đào tạo theo học chế tín chỉ ngành kĩ thuật công nghệ thông tin
Guardat en:
| Format: | Llibre |
|---|---|
| Idioma: | Vietnamese |
| Publicat: |
Cần Thơ
Đại học Cần Thơ
2013
|
| Matèries: | |
| Etiquetes: |
Afegir etiqueta
Sense etiquetes, Sigues el primer a etiquetar aquest registre!
|
| Thư viện lưu trữ: | Trung tâm Học liệu Lê Vũ Hùng, Trường Đại học Đồng Tháp |
|---|
| LEADER | 02206pam a22002778a 4500 | ||
|---|---|---|---|
| 001 | 00030694 | ||
| 005 | 20171026081025.0 | ||
| 008 | 130607s2013 ||||||viesd | ||
| 020 | |c 0 | ||
| 041 | 0 | # | |a vie |
| 082 | 1 | 4 | |a 004.07 |b CH561TR |
| 245 | 1 | 0 | |a Chương trình đào tạo theo học chế tín chỉ ngành kĩ thuật công nghệ thông tin |
| 260 | # | # | |a Cần Thơ |b Đại học Cần Thơ |c 2013 |
| 300 | # | # | |a 228 tr. |c 27 cm. |
| 500 | # | # | |a Đầu bìa sách ghi: Bộ Giáo dục và Đào tạo MOET. Ngân hàng phát triển Châu Á ADB. Dự án PT GV THPT&TCCN- Trường Đại học sư phạm kĩ thuật TP.HCM |
| 653 | # | # | |a Chương trình đào tạo |
| 653 | # | # | |a Học chế tín chỉ |
| 653 | # | # | |a Công nghệ thông tin |
| 852 | # | # | |b Kho giáo trình |j KGT.0038922, KGT.0038923, KGT.0038924, KGT.0038925, KGT.0038926, KGT.0038927, KGT.0038928, KGT.0038929, KGT.0038930, KGT.0038931, KGT.0038932, KGT.0038933, KGT.0038934, KGT.0038935, KGT.0038936, KGT.0038937, KGT.0038938, KGT.0038939, KGT.0038940, KGT.0038941, KGT.0038942, KGT.0038943, KGT.0038944, KGT.0038945, KGT.0038946, KGT.0038947, KGT.0038948, KGT.0038949, KGT.0038950, KGT.0038951, KGT.0038952, KGT.0038953, KGT.0038954, KGT.0038955, KGT.0038956, KGT.0038957, KGT.0038958, KGT.0038959, KGT.0038960, KGT.0038961, KGT.0038962, KGT.0038963, KGT.0038964, KGT.0038965, KGT.0038966, KGT.0038967, KGT.0038968 |
| 852 | # | # | |b Kho mượn |j KGT.0038922 |
| 852 | # | # | |b Kho đọc |j KD.0014620 |
| 852 | # | # | |j KGT.0038923 |j KGT.0038924 |j KGT.0038959 |j KGT.0038926 |j KGT.0038927 |j KGT.0038928 |j KGT.0038930 |j KGT.0038932 |j KGT.0038933 |j KGT.0038935 |j KGT.0038936 |j KGT.0038938 |j KGT.0038939 |j KGT.0038941 |j KGT.0038942 |j KGT.0038944 |j KGT.0038945 |j KGT.0038947 |j KGT.0038948 |j KGT.0038950 |j KGT.0038953 |j KGT.0038954 |j KGT.0038955 |j KGT.0038956 |j KGT.0038958 |j KD.0014620 |j KGT.0038943 |j KGT.0038946 |j KGT.0038949 |j KGT.0038951 |j KGT.0038952 |j KGT.0038957 |j KGT.0038960 |j KGT.0038922 |j KGT.0038925 |j KGT.0038929 |j KGT.0038931 |j KGT.0038934 |j KGT.0038937 |j KGT.0038940 |
| 910 | |d 07/06/2013 | ||
| 980 | # | # | |a Trung tâm Học liệu Lê Vũ Hùng, Trường Đại học Đồng Tháp |